Last 25 Years: 'N' & 'O' Movies Quiz Stats

 Plays Quiz Updated Jan 9, 2018

Challenge
Share
Tweet
Score 0/25 Timer 08:00
5 Plays Today
% Correct
Night at the Museum
93.8%
Ocean's Eleven
87%
The Nightmare Before Christmas
86.3%
Napoleon Dynamite
84.7%
The Nutty Professor
81.3%
No Country for Old Men
74.7%
Office Space
73.1%
O Brother, Where Art Thou?
67.7%
Nanny McPhee
61.9%
The Other Guys
60.5%
Nightcrawler
59.3%
One Hour Photo
56.3%
Natural Born Killers
49%
% Correct
The Nice Guys
47.6%
A Night at the Roxbury
46.8%
Outbreak
46.5%
No Strings Attached
45.8%
Orphan
44.9%
The Nut Job 2: Nutty by Nature
44.5%
Nebraska
40.5%
Oldboy
34%
Nick and Norah's Infinite Playlist
29.6%
No Escape
14.9%
Nothing to Lose
7.6%
One for the Money
6.3%

You're not logged in!

Compare scores with friends on all Sporcle quizzes.
OR
Log In

You Might Also Like...

Show Comments

Extras

Top Quizzes Today


Score Distribution

Your Account Isn't Verified!

In order to create a playlist on Sporcle, you need to verify the email address you used during registration. Go to your Sporcle Settings to finish the process.

Report this User

Report this user for behavior that violates our Community Guidelines.

Details: